Hacia un nuevo manifiesto, 1956 /

Guardat en:
Dades bibliogràfiques
Autor principal: Adorno, Theodor W. (autor)
Altres autors: Horkheimer, Max (autor) (autor), Dimópulos, Mariana (traducción) (traducción)
Format: Llibre
Idioma:espanyol
Publicat: Buenos Aires, Argentina : Eterna Cadencia, 2014, c2014
Col·lecció:(Ex Libris Eterna Cadencia)
Matèries:
Etiquetes: Afegir etiqueta
Sense etiquetes, Sigues el primer a etiquetar aquest registre!

MARC

LEADER 00000nam^a2200000^a^4500
001 000409873
005 20250521000000.0
009 20260526143912.727
020 |a 978-987-712-041-7 
037 |a Acervo ITESO - Biblioteca 
041 |a ESP 
082 |a 146. 33  |b ADO OBR HAC 
100 |a Adorno, Theodor W.  |e (autor) 
245 1 0 |a Hacia un nuevo manifiesto, 1956 /  |c T.W. Adorno, M. Horkheimer ; tr. por M. Dimópulos. 
264 4 |a Buenos Aires, Argentina :  |b Eterna Cadencia,  |c 2014, c2014 
300 |a 75 p. 
336 |a texto  |b txt  |2 rdacontenido 
337 |a sin mediación  |b n  |2 rdamedio 
338 |a volumen  |b nc  |2 rdasoporte 
440 1 |a (Ex Libris Eterna Cadencia) 
521 |a FIL 2018 DIA 
649 |a XX 
650 |a Teoría Crítica -  |x Tema Principal 
650 |a Política 
650 |a Escuela de Frankfurt -  |x Tema Principal 
650 |a Marxismo 
650 |a Filosofía del Siglo XX 
650 |a Filosofía Alemana 
700 |a Horkheimer, Max  |e (autor) 
700 |a Dimópulos, Mariana  |e (traducción) 
910 |a Fondo General 
920 |a Impresos - Libros 
930 |a Colección General 
905 |a 101 
901 |a 0500311688  |b IT1  |c ACC  |i C164364  |u 20250521 
902 |a https://opac.biblio.iteso.mx/vufind/Record/000409873